000 01426cas a22004217ar4500
005 20220329142312.0
008 000524d19401975mx zr pernn 0 z b1spa d
010 _a81302
011 _a82274
022 _a0185-0806
035 _a92763
245 0 0 _aCiencia
_c/por Patronato de Ciencias de México
260 0 _aMéxico, D. F. :
_bPatronato de Ciencias de México,
_c1940-1975
300 _av.
310 _aIrregular
362 _av.27 n.6, 1972
590 _aBATCH-UPD
_b10
_c20130110
_lUCH01
_h1426
590 _aBATCH-UPD
_b10
_c20130410
_lUCH01
_h0905
590 _aBATCH-UPD
_b10
_c20130914
_lUCH01
_h0934
590 _aCONVERSION
_b10
_c20130109
_lUCH01
_h1345
650 1 4 _aCiencia
_xPublicaciones periódicas.
_923133
785 _tCiencia-Academia de la Investigación Científica
866 _av.1 n.1-2 (1940)
866 _av.10 n.3-4,11-12 (1950-1951)
866 _av.11 n.1-12 (1951-1952)
866 _av.12 n.3-10 (1952-1953)
866 _av.14 n.1-v.22 n.6 (1952-1963)
866 _av.23 n.1-4,6 (1964-1965)
866 _av.24 n.1-v.26 n.1 (1965-1968)
866 _av.27 n.4-6 (1972)
866 _av.28 n.2-4 (1973)
866 _av.29 n.1-4 (1974-1975)
866 _av.8 n.6-911-12 (1947-1948)
866 _av.9 n.4-6 (1949)
901 _aSE
905 _aLilia Sánchez G.
999 _c81302
_d81302